000 00622nam a2200193 a 4500
001 000041905
005 20201002035825.0
008 131021s2003 pr 000 0 spa d
020 _a1932271228
040 _aDO-SdBNP
_bspa
_cBNPHU
082 _axxx
_bxxx
100 1 _aCancel, Mario R.
_968798
245 1 0 _aAnti-figuraciones :
_bbocetos puertorriqueños /
_cMario R. Cancel.
260 _aSan Juan, Puerto Rico :
_bIsla Negra,
_c2003.
300 _a176 p. ;
_c22 cm.
490 1 _aVisiones y cegueras
500 _aIncluye datos biografícos del autor en la solapa de la portada.
830 0 _aVisiones y cegueras
_91120
999 _c41394
_d41394